| 000 | 02454nam a22003135i 4500 | ||
|---|---|---|---|
| 001 | 21835027 | ||
| 005 | 20230518111658.0 | ||
| 008 | 201209s2021 ohu 000 0 eng | ||
| 010 | _a 2020951743 | ||
| 020 |
_a9781569908556 _q(hardcover) |
||
| 020 |
_z9781569908501 _q(adobe pdf) |
||
| 040 |
_aDLC _beng _erda _cDLC |
||
| 042 | _apcc | ||
| 082 |
_a668.3 _bPOC |
||
| 100 | 1 |
_aPocius, Alphonsus V., _eauthor. _9112435 |
|
| 245 | 1 | 0 |
_aAdhesion and adhesives technology : _ban introduction / _cAlphonsus V. Pocius, Mark Smith. |
| 250 | _a4th. | ||
| 263 | _a2103 | ||
| 264 | 1 |
_aCincinnati : _bHanser Publications, _c2021. |
|
| 300 | _axvii, 377 p : | ||
| 336 |
_atext _btxt _2rdacontent |
||
| 337 |
_aunmediated _bn _2rdamedia |
||
| 338 |
_avolume _bnc _2rdacarrier |
||
| 520 |
_a"This book describes, in clear understandable language, the three main disciplines of adhesion technology: 1) mechanics of the adhesive bond, 2) chemistry of adhesives, and 3) surface science. Some knowledge of physical and organic chemistry is assumed, but no familiarity with the science of adhesion is required. The emphasis is on understanding adhesion, how surfaces can be prepared and modified, and how adhesives can be formulated to perform a given task. Throughout the book, the author provides a broad view of the field, with a consistent style that leads the reader from one step to the next in gaining an understanding of the science. The 4th edition has additional content covering sustainability (use of natural products in adhesives) and bonding of composite materials. There are also updates and small improvements throughout, together with some new review questions aprovided at the end of the chapters. Contents: - Introduction - Mechanical Properties of Materials as They Relate to Adhesives - Mechanical Tests of Adhesive Bond Performance - Basics of Intermolecular Forces and Surface Science - Basic Physical/Chemical Properties of Polymers - Relationship of Surface Science and Adhesion Science - Surface Preparation of Adherends for Adhesive Bonding - Chemistry and Physical Properties of Structural Adhesives - Chemistry and Physical Properties of Elastomer-Based Adhesives - Thermoplastic, Pseudothermoplastic, and Other Adhesives - Basis for Adhesive Bond Design - Index"-- _cProvided by publisher. |
||
| 700 | 1 |
_aSmith, Mark, _eeditor. |
|
| 906 |
_a0 _bibc _corignew _d2 _eepcn _f20 _gy-gencatlg |
||
| 942 |
_2ddc _cBK |
||
| 999 |
_c594804 _d594804 |
||